000 00402nam a2200181Ia 4500
001 13902
005 20260306164835.0
008 260306t2008||||xx |||||||||||||| ||spa||
041 _aESP
082 _a005.43L
_bK82 2008
100 _aKrishnamurty, Mohan
_eAUT
245 0 _aSeguridad en Linux
260 _c2008
300 _a
_c
650 _aGEN
654 _aCCC
942 _cLIB
_dJUS
_fJUS
_2ddc
_n
999 _c13902
_d13902